| 000 | 00708nam a2200217Ia 4500 | ||
|---|---|---|---|
| 003 | GCL | ||
| 005 | 20240530105102.0 | ||
| 008 | 140319s9999 xx 000 0 ara d | ||
| 040 |
_aGCL / _cGCL |
||
| 082 | 0 | 4 |
_a940.18 _bف ت |
| 100 | 1 | _aفوشيه الشارترى | |
| 245 | 1 | 0 |
_aتاريخ الحملة الى القدس / _cفوشيه الشارترى ؛ ترجمة زياد العسلى |
| 250 | _aط1 | ||
| 260 |
_aالاردن : _bدار الشروق للنشر والتوزيع ، _c1990 |
||
| 300 |
_a267 ص؛ _c24 سم |
||
| 650 | 0 | 4 | _aالحروب الصليبية |
| 650 | 0 | 4 | _aالصليبيون |
| 650 | 0 | 4 | _aالقدس |
| 700 | 1 |
_aزياد العسلى _eمترجم |
|
| 942 |
_2ddc _cBK |
||
| 999 |
_c53033 _d53033 |
||